[Event "SVK-chT1E 0809"]
[Site "Slovakia"]
[Date "2008.11.22"]
[Round "3.5"]
[White "Trebula, Jozef"]
[Black "Pejko, Otomar"]
[Result "1/2-1/2"]
[WhiteElo "2079"]
[BlackElo "2240"]
[PlyCount "76"]
[EventDate "2008.10.18"]
[EventType "team-tourn"]
[EventRounds "11"]
[EventCountry "SVK"]
[SourceTitle "EXT 2010"]
[Source "ChessBase"]
[SourceDate "2010.11.25"]
[SourceVersion "1"]
[SourceVersionDate "2010.11.25"]
[SourceQuality "1"]
[WhiteTeam "Banska Bystrica TH junior"]
[BlackTeam "Kosice Slavia UPJS II"]
[WhiteTeamCountry "SVK"]
[BlackTeamCountry "SVK"]

1. e4 Nf6 2. e5 Nd5 3. d4 d6 4. Nf3 Bg4 5. Be2 Nc6 6. exd6 Qxd6 7. 0-0 e6 8. c3 Nf4 9. Bxf4 Qxf4 10. Nbd2 Be7 11. Re1 0-0 12. Bd3 Bf5 13. Qc2 Bxd3 14. Qxd3 Rfd8 15. Qb5 Rab8 16. Re2 Rd5 17. Qb3 Qf5 18. Nf1 Qd3 19. Rae1 Rb5 20. Qc2 Qxc2 21. Rxc2 Rd8 22. Ng3 Bf8 23. Rce2 Rbd5 24. Kf1 b5 25. Ne5 Nxe5 26. Rxe5 c5 27. Rxd5 Rxd5 28. Ne2 Bd6 29. h3 h5 30. Rc1 c4 31. b3 a6 32. Rb1 Kf8 33. Ke1 e5 34. bxc4 bxc4 35. Rb6 exd4 36. Nxd4 Be5 37. Rxa6 Bxd4 38. cxd4 Rxd4 1/2-1/2

[Event "SVK-chT1E 0809"]
[Site "Slovakia"]
[Date "2008.10.19"]
[Round "2.2"]
[White "Foglar, Ivan"]
[Black "Trebula, Jozef"]
[Result "1/2-1/2"]
[WhiteElo "2036"]
[BlackElo "2079"]
[PlyCount "41"]
[EventDate "2008.10.18"]
[EventType "team-tourn"]
[EventRounds "11"]
[EventCountry "SVK"]
[SourceTitle "EXT 2010"]
[Source "ChessBase"]
[SourceDate "2010.11.25"]
[SourceVersion "1"]
[SourceVersionDate "2010.11.25"]
[SourceQuality "1"]
[WhiteTeam "Margecany OSK"]
[BlackTeam "Banska Bystrica TH junior"]
[WhiteTeamCountry "SVK"]
[BlackTeamCountry "SVK"]

1. e4 e6 2. d4 d5 3. exd5 exd5 4. Bd3 Nf6 5. Bf4 Be7 6. Ne2 0-0 7. 0-0 Bg4 8. h3 Bh5 9. c3 c6 10. Qc2 Bg6 11. Nd2 Bxd3 12. Qxd3 Nbd7 13. Ng3 g6 14. Rae1 Re8 15. Re2 Bf8 16. Rfe1 Rxe2 17. Rxe2 Qa5 18. a3 Re8 19. Nf3 Rxe2 20. Qxe2 Qd8 21. Bg5 1/2-1/2

[Event "SVK-chT2C 0708"]
[Site "Slovakia"]
[Date "2008.02.02"]
[Round "8.1"]
[White "Daubner, Jakub"]
[Black "Trebula, Jozef"]
[Result "1/2-1/2"]
[WhiteElo "2163"]
[BlackElo "2099"]
[PlyCount "68"]
[EventDate "2007.10.06"]
[EventType "team-tourn"]
[EventRounds "11"]
[EventCountry "SVK"]
[SourceTitle "EXT 2010"]
[Source "ChessBase"]
[SourceDate "2010.11.25"]
[SourceVersion "1"]
[SourceVersionDate "2010.11.25"]
[SourceQuality "1"]
[WhiteTeam "Zilina Mladost juniors"]
[BlackTeam "Banska Bystrica Kurta"]
[WhiteTeamCountry "SVK"]
[BlackTeamCountry "SVK"]

1. c4 Nf6 2. Nc3 g6 3. g3 Bg7 4. Bg2 0-0 5. e4 d6 6. Nge2 c6 7. 0-0 e5 8. d3 Be6 9. h3 Qd7 10. Kh2 d5 11. b3 d4 12. Na4 Na6 13. Ba3 Rfe8 14. Qd2 Rac8 15. f4 Bh6 16. Qa5 exf4 17. gxf4 Qd8 18. Qxd8 Rcxd8 19. Nc5 Bf8 20. Nxa6 Bxa3 21. Nc7 Re7 22. Nxe6 fxe6 23. Rad1 Nh5 24. Ng3 Nxg3 25. Kxg3 Bd6 26. e5 Bc7 27. Be4 Kg7 28. h4 Rf8 29. Rf3 Ref7 30. Rg1 Bd8 31. Kg4 Kh8 32. Rh1 Rg7 33. Rg3 Rgf7 34. Rf3 Rg7 1/2-1/2

[Event "SVK-chT2C 0708"]
[Site "Slovakia"]
[Date "2008.01.12"]
[Round "7.2"]
[White "Trebula, Jozef"]
[Black "Puskar, Jan"]
[Result "0-1"]
[WhiteElo "2099"]
[BlackElo "1990"]
[PlyCount "79"]
[EventDate "2007.10.06"]
[EventType "team-tourn"]
[EventRounds "11"]
[EventCountry "SVK"]
[SourceTitle "EXT 2010"]
[Source "ChessBase"]
[SourceDate "2010.11.25"]
[SourceVersion "1"]
[SourceVersionDate "2010.11.25"]
[SourceQuality "1"]
[WhiteTeam "Banska Bystrica Kurta"]
[BlackTeam "Banska Bystrica CVC"]
[WhiteTeamCountry "SVK"]
[BlackTeamCountry "SVK"]

1. e4 c5 2. Nf3 Nc6 3. d4 cxd4 4. Nxd4 Nf6 5. Nc3 d6 6. Be2 g6 7. Be3 Bg7 8. 0-0 0-0 9. h3 Qc7 10. Qd2 a6 11. a4 Nxd4 12. Bxd4 Be6 13. Rfe1 Rac8 14. Bf3 Nd7 15. Bxg7 Kxg7 16. Rac1 Ne5 17. Be2 Qc5 18. Nd5 Bxd5 19. exd5 b5 20. axb5 axb5 21. c3 Ra8 22. Ra1 Rfc8 23. Bf1 Qb6 24. Kh2 Rxa1 25. Rxa1 Nc4 26. Qe2 Rc7 27. Ra2 Qc5 28. b3 Nb6 29. Ra5 Qxc3 30. Rxb5 Nc8 31. Qg4 h5 32. Qf4 Qe1 33. Bc4 Qc3 34. Rb8 Qa1 35. Qd2 Qa7 36. Qb4 Qxf2 37. Ba6 Qf5 38. Qd4+ f6 39. Bd3 Qg5 40. Ba6 0-1